00349nam a2200121Ia 4500008004000000020001800040082001800058100001500076245004000091260005600131300001200187650002800199210210b1996 xxu||||| |||| 00| 0 eng d a0 7069 8952 X a658.3124 RAOH aRAO (P L). aH R D through in-house training. aNew Delhi.bVikas Publishing House Pvt Ltd.,c1996 axiv,286 aHRD In-House Training